| 000 | 00396 a2200121 4500 | ||
|---|---|---|---|
| 001 | ART_11554 | ||
| 005 | 20260410161858.0 | ||
| 008 | 260409a | ||
| 245 | 1 | 0 | _aA model of benefit and tax share discrimination by a monopoly bureau |
| 100 | 1 | _aDenzau, Arthur T. | |
| 700 | 1 | _aMackay, Robert J. | |
| 773 | 0 |
_tJournal of public economics _g- Vol. 13, NÂș 3 (jun. 1980) _wREV11485 |
|
| 999 |
_c25635 _d25635 |
||